The Beatles (White Album) - Songs - Statistics

General Stats
  • This quiz has been taken 139 times
  • The average score is 21 of 30
Answer Stats
Plays Song Names % Correct
295,298,281 While My Guitar Gently Weeps
94%
140,518,509 Back In The U.S.S.R.
86%
541,993,379 Blackbird
85%
60,076,499 Happiness Is A Warm Gun
83%
13,738,821 Revolution 9
83%
88,572,861 Helter Skelter
79%
40,870,228 Julia
79%
56,133,589 Rocky Raccoon
79%
125,463,813 I Will
78%
290,087,367 Ob-La-Di, Ob-La-Da
78%
21,402,682 Wild Honey Pie
78%
21,157,662 Honey Pie
75%
25,596,343 Revolution 1
75%
34,098,358 Birthday
74%
40,232,691 Glass Onion
74%
83,078,355 Dear Prudence
72%
25,618,599 The Continuing Story Of Bungalow Bill
72%
22,664,564 Piggies
71%
27,247,672 Sexy Sadie
71%
25,371,432 Yer Blues
69%
16,670,494 Good Night
67%
38,345,709 Martha My Dear
64%
24,254,067 Why Don't We Do It In The Road?
64%
23,253,020 Don't Pass Me By
63%
20,702,191 Long, Long, Long
63%
43,189,219 I'm So Tired
61%
30,965,478 Mother Nature's Son
61%
19,516,884 Cry Baby Cry
58%
20,036,411 Everybody's Got Something To Hide Except Me And My Monkey
57%
16,200,434 Savoy Truffle
26%
No matching quizzes found
Score Distribution
Percent of People with Each Score
Percentile by Number Answered
Your Score History
You have not taken this quiz